The Copts of Egypt : (Record no. 19801)

MARC details
000 -LEADER
fixed length control field 02136cam a2200337 i 4500
001 - CONTROL NUMBER
control field 17844353
003 - CONTROL NUMBER IDENTIFIER
control field EG-ScBUE
005 - DATE AND TIME OF LATEST TRANSACTION
control field 20240805095202.0
008 - FIXED-LENGTH DATA ELEMENTS--GENERAL INFORMATION
fixed length control field 130808s2013 enkao f b 001 0 eng d
020 ## - INTERNATIONAL STANDARD BOOK NUMBER
International Standard Book Number 9781780764665 (pbk.)
040 ## - CATALOGING SOURCE
Original cataloging agency DLC
Language of cataloging eng
Description conventions rda
Transcribing agency DLC
Modifying agency DLC
-- EG-ScBUE
043 ## - GEOGRAPHIC AREA CODE
Geographic area code f-ua---
082 04 - DEWEY DECIMAL CLASSIFICATION NUMBER
Edition number 22
Item number IBR
Classification number 962.004932
100 1# - MAIN ENTRY--PERSONAL NAME
Personal name Ibrahim, Vivian,
Relator term author.
9 (RLIN) 38333
245 14 - TITLE STATEMENT
Title The Copts of Egypt :
Remainder of title the challenges of modernisation and identity /
Statement of responsibility, etc Vivian Ibrahim.
264 #1 - PUBLICATION, DISTRIBUTION, ETC. (IMPRINT)
Place of publication, distribution, etc London ;
-- New York :
Name of publisher, distributor, etc I. B. Tauris,
Date of publication, distribution, etc 2013.
300 ## - PHYSICAL DESCRIPTION
Extent xv, 258 pages :
Other physical details photographs, tables ;
Dimensions 22 cm
336 ## - CONTENT TYPE
Source rdacontent
Content type term text
Content type code txt
337 ## - MEDIA TYPE
Media type term unmediated
Source rdamedia
Media type code n
338 ## - CARRIER TYPE
Carrier type term volume
Carrier type code nc
Source rdacarrier
504 ## - BIBLIOGRAPHY, ETC. NOTE
Bibliography, etc Includes bibliographical references and index.<br/>
505 0# - FORMATTED CONTENTS NOTE
Formatted contents note Inter-communal relations : the Copts and the state (1805-1946). Religion and state-building in the Khedival period (1798-1882) ; The making of new national identities (1882-1919) ; Constitutional politics and political Islam (1922-1946) -- Intra-communal relations : the Coptic community from within (1882-1954). Benevolence and philanthropy (1882-1945) ; Factionalism and corruption (1882-1945) ; A Coptic revolution : Harakat Al-Tathir (1952-1954).
520 ## - SUMMARY, ETC.
Summary, etc "The Copts of Egypt, who make up 10-15 percent of the population, have traditionally been viewed as a 'beleaguered and persecuted minority.' Using newly discovered Coptic archival sources, Vivian Ibrahim presents a fresh and vivid alternative reading of the community during the twentieth centry. Avoiding the established portrayal of a monolithic entity headed by the Coptic Pope, Ibrahim examines the multifaceted dimensions of the Coptic community, assessing Coptic-State relations on one hand and Coptic intra-communal dimensions on the other."--P. [2] of jacket.
650 #7 - SUBJECT ADDED ENTRY--TOPICAL TERM
Topical term or geographic name as entry element Copts
General subdivision History.
Source of heading or term BUEsh
650 #7 - SUBJECT ADDED ENTRY--TOPICAL TERM
Topical term or geographic name as entry element Religious minorities
Geographic subdivision Egypt.
Source of heading or term BUEsh
650 #7 - SUBJECT ADDED ENTRY--TOPICAL TERM
Topical term or geographic name as entry element Minorities
Geographic subdivision Egypt
General subdivision Social conditions.
Source of heading or term BUEsh
651 #7 - SUBJECT ADDED ENTRY--GEOGRAPHIC NAME
Geographic name Egypt
General subdivision Ethnic relations.
Source of heading or term BUEsh
653 ## - INDEX TERM--UNCONTROLLED
Resource For college BAEPS, Political Science
Arrived date list June2015
-- August2015
655 ## - INDEX TERM--GENRE/FORM
Form subdivision Reading book
9 (RLIN) 34232
942 ## - ADDED ENTRY ELEMENTS (KOHA)
Source of classification or shelving scheme Dewey Decimal Classification
Koha item type Book - Borrowing
Holdings
Withdrawn status Lost status Source of classification or shelving scheme Damaged status Not for loan Collection code Home library Current library Shelving location Date acquired Source of acquisition Cost, normal purchase price Serial Enumeration / chronology Total Checkouts Total Renewals Full call number Barcode Date last seen Date checked out Cost, replacement price Koha item type
    Dewey Decimal Classification     Alahram Central Library Central Library Second Floor 22/06/2015 Purchase 293.00 325 4 48 962.004932 IBR 000038712 19/04/2026 14/04/2026 366.25 Book - Borrowing